<?xml version="1.0" encoding="UTF-8"?>
<record
    xmlns:xsi="http://www.w3.org/2001/XMLSchema-instance"
    xsi:schemaLocation="http://www.loc.gov/MARC21/slim http://www.loc.gov/standards/marcxml/schema/MARC21slim.xsd"
    xmlns="http://www.loc.gov/MARC21/slim">

  <leader>01032nam a22001937a 4500</leader>
  <controlfield tag="005">20240119092022.0</controlfield>
  <controlfield tag="008">240119b           ||||| |||| 00| 0 eng d</controlfield>
  <datafield tag="020" ind1=" " ind2=" ">
    <subfield code="a">9781783268856</subfield>
  </datafield>
  <datafield tag="040" ind1=" " ind2=" ">
    <subfield code="c">AL</subfield>
  </datafield>
  <datafield tag="041" ind1=" " ind2=" ">
    <subfield code="a">eng</subfield>
  </datafield>
  <datafield tag="082" ind1=" " ind2=" ">
    <subfield code="2">23</subfield>
    <subfield code="a">624.10288</subfield>
    <subfield code="b">BRIU</subfield>
  </datafield>
  <datafield tag="100" ind1=" " ind2=" ">
    <subfield code="a">Peter Brimblecombe</subfield>
    <subfield code="9">148270</subfield>
  </datafield>
  <datafield tag="245" ind1=" " ind2=" ">
    <subfield code="a">Urban pollution and changes to materials and building surfaces. Vol.5</subfield>
  </datafield>
  <datafield tag="260" ind1=" " ind2=" ">
    <subfield code="a">London</subfield>
    <subfield code="b">Imperial College Press</subfield>
    <subfield code="c">2016</subfield>
  </datafield>
  <datafield tag="300" ind1=" " ind2=" ">
    <subfield code="a">xi,318p.</subfield>
    <subfield code="b">HB</subfield>
    <subfield code="c">23x16cm.</subfield>
  </datafield>
  <datafield tag="520" ind1=" " ind2=" ">
    <subfield code="a">Pollution damages materials, but it has changed dramatically in the past century, with a reduction in the concentration of corrosive primary pollutants in urban atmospheres. At the same time, architectural styles and types of materials have changed, as we have moved to more organically rich, photo chemically active atmospheres. Contemporary pollutants have a greater potential to degrade organic coatings and polymers, which are of great importance to modern structures.</subfield>
  </datafield>
  <datafield tag="650" ind1=" " ind2=" ">
    <subfield code="2">Technology</subfield>
    <subfield code="a">Civil Engineering</subfield>
    <subfield code="9">148271</subfield>
  </datafield>
  <datafield tag="942" ind1=" " ind2=" ">
    <subfield code="2">ddc</subfield>
    <subfield code="c">BK</subfield>
  </datafield>
  <datafield tag="999" ind1=" " ind2=" ">
    <subfield code="c">229663</subfield>
    <subfield code="d">229663</subfield>
  </datafield>
  <datafield tag="952" ind1=" " ind2=" ">
    <subfield code="0">0</subfield>
    <subfield code="1">0</subfield>
    <subfield code="2">ddc</subfield>
    <subfield code="4">0</subfield>
    <subfield code="7">0</subfield>
    <subfield code="8">BT</subfield>
    <subfield code="a">SACPG</subfield>
    <subfield code="b">SACPG</subfield>
    <subfield code="d">2023-12-08</subfield>
    <subfield code="l">0</subfield>
    <subfield code="o">624.10288 BRIU</subfield>
    <subfield code="p">PG024536</subfield>
    <subfield code="r">2024-01-19 00:00:00</subfield>
    <subfield code="w">2024-01-19</subfield>
    <subfield code="y">DB</subfield>
  </datafield>
</record>
